[Event "Xeraco Region-ch Primera"]
[Site "Xeraco"]
[Date "2015.11.14"]
[Round "6.8"]
[White "Senabre Pascual, Eduardo"]
[Black "Castello Castello, Juan Jose"]
[Result "1-0"]
[WhiteElo "1515"]
[BlackElo "1664"]
[PlyCount "35"]
[EventDate "2015.10.03"]
[EventType "swiss"]
[EventRounds "7"]
[EventCountry "ESP"]
[SourceTitle "EXT 2024"]
[Source "ChessBase"]
[SourceDate "2023.10.10"]
[SourceVersion "1"]
[SourceVersionDate "2023.10.10"]
[SourceQuality "1"]

1. e4 e5 2. Nf3 d6 3. Bc4 Be6 4. Bxe6 fxe6 5. Nc3 Be7 6. d4 exd4 7. Nxd4 Qd7 8. Qg4 e5 9. Ne6 Bf6 10. Nd5 Na6 11. Nxf6+ gxf6 12. Ng7+ Kd8 13. Ne6+ Kc8 14. Be3 h5 15. Qf5 Ne7 16. Qxf6 Rg8 17. Bg5 Rg6 18. Qf8+ 1-0

[Event "Provincial-ch Gandia Primera"]
[Site "Gandia"]
[Date "2013.10.26"]
[Round "3.3"]
[White "Arlandis Clari, Enrique"]
[Black "Senabre Pascual, Eduardo"]
[Result "1-0"]
[WhiteElo "1902"]
[BlackElo "1568"]
[PlyCount "54"]
[EventDate "2013.10.05"]
[EventType "swiss"]
[EventRounds "7"]
[EventCountry "ESP"]
[SourceTitle "EXT 2024"]
[Source "ChessBase"]
[SourceDate "2023.10.10"]
[SourceVersion "1"]
[SourceVersionDate "2023.10.10"]
[SourceQuality "1"]

1. e4 c5 2. Nf3 d6 3. d4 cxd4 4. Nxd4 g6 5. Nc3 Bg7 6. Be3 Nf6 7. f3 Bd7 8. Qd2 Nc6 9. Nb3 a5 10. Na4 Be6 11. Nb6 Ra7 12. Nd5 Ra8 13. Bb6 Qc8 14. Nc7+ Kd7 15. Nxa8 Qxa8 16. Nxa5 Qc8 17. Bb5 Ne8 18. c3 Nc7 19. Bxc6+ bxc6 20. Bd4 Qa6 21. Bxg7 Rg8 22. Nxc6 Kxc6 23. Bd4 h5 24. b4 Ra8 25. a4 Qc4 26. Kf2 Bd7 27. Qa2 Ne6 1-0

[Event "Provincial-ch Elche Preferente"]
[Site "Valencia"]
[Date "2011.10.01"]
[Round "1"]
[White "Senabre Pascual, Eduardo"]
[Black "Lidon Cabrera, German"]
[Result "0-1"]
[WhiteElo "1436"]
[BlackElo "1779"]
[PlyCount "76"]
[EventDate "2011.10.01"]
[EventType "swiss"]
[EventRounds "7"]
[EventCountry "ESP"]
[SourceTitle "EXT 2024"]
[Source "ChessBase"]
[SourceDate "2023.10.10"]
[SourceVersion "1"]
[SourceVersionDate "2023.10.10"]
[SourceQuality "1"]

1. e4 e5 2. Nf3 Nc6 3. d4 exd4 4. Nxd4 Nxd4 5. Qxd4 c5 6. Qe5+ Qe7 7. Qxe7+ Bxe7 8. Nc3 a6 9. e5 Bd8 10. Be3 b6 11. Ne4 Bc7 12. f4 Ne7 13. 0-0-0 0-0 14. g4 Ng6 15. Nd6 Bxd6 16. Rxd6 Bb7 17. Rg1 Bc6 18. Bg2 Rfc8 19. Bxc6 dxc6 20. Rh1 Kf8 21. h4 Ne7 22. c4 Rd8 23. Rhd1 Ke8 24. h5 Rxd6 25. exd6 Ng8 26. g5 Kd7 27. f5 Re8 28. Re1 Re4 29. b3 Rh4 30. h6 gxh6 31. gxh6 Nxh6 32. Bxh6 Rxh6 33. Re7+ Kxd6 34. Rxf7 Ke5 35. Kc2 b5 36. cxb5 axb5 37. Rf8 Rh2+ 38. Kb1 h5 0-1